000 00683nam a22002297a 4500
001 000005822
003 DO-SdBNP
005 20180201134910.0
007 000005822
008 160524b 1998 nyu ||||| |||| 00| 0 spa d
020 _a0590098748
040 _aBPMSU
_bspa
_cBPMSU
100 1 _aChew, Ruth
245 1 0 _aThe Enchanted book /
_cRuth Chew ; illustrations by the author ; cover illustrations by Karen Barnes.
260 _aNew York :
_bScholastic,
_c1998.
300 _a124 p. :
_bil. ;
_c20 cm.
500 _aLittle apple paperback.
700 1 2 _aBarnes, Karen,
_eil.
942 _2ddc
_cBK
945 _aInventariado, 2018 /LP
956 _aLOPEREZ
_b10
_c20160524
999 _c10207
_d10207